000 00700 a2200157 4500
003 Nust
005 20230802102237.0
040 _cNust
082 _a621.38456,WIR
245 _aWireless personal communications: The evolution of personal communications systems /
_ceditors Theodore S. Rappaport, Brian D. Woerner and Jeffrey H. Reed
260 _aLondon,
_bKluwer,
_c1996.
300 _a212 p.
505 _aWireless Networks And Services (Page-1), Wireless CDMA (Page-58), Antennas, Propagation And System Design (Page-88), Simulation, Modulation And Equalization For Wireless Communications (Page-158).
650 _aWireless personal communications
_9113886
942 _2ddc
_cBK
_k621.38456,WIR
999 _c194259
_d194259